000 00693nam a22002297a 4500
999 _c12608
_d12608
003 TR-AnU
005 20190121154930.0
008 140616s1967 tu 000 0 d
040 _c,
041 1 _atur
082 _a843.91
_bM28a 1967
090 _a843.91 M28a 1967
100 _aMaurois, Andre
_d1885-1967
245 _aAile çevresi
_cAndre Maurois ; Çeviren : Sahim Tiryakioğlu.
260 _aİstanbul
_bVarlık Yayınevi,
_c1967.
300 _a237 s. ;
_c16 cm
440 _aVarlık Büyük Eserler Kitaplığı ;
_v103
490 _aVarlık yayıınları
_v1274
650 0 _aFransız Edebiyatı
_95051
_xRoman
700 _aTiryakioğlu, Samih
_d1909-1995
942 _2ddc
_cBKS